Sports Quiz

Random Sports or NBA Quiz

NBA 16-17 Season Quiz Stats

Quiz not verified by Sporcle

Challenge
Share
Tweet
Embed
Score 0/11 Timer 10:00
0 Plays Today
Question Answer Wrong Answers
Who had the highest scoring game this season? Devin Booker
89.2%
LeBron James
2.7%
DeMarcus Cousins
0%
Isaiah Thomas
8.1%
Where was the All-Star Game held? New Orleans
86.5%
New York
0%
Los Angeles
4.1%
Toronto
9.5%
How many points did Russell Westbrook average? 31
82.4%
30
9.5%
35
1.4%
34
6.8%
Which of the following players was traded during the season? Jusuf Nurkic
82.4%
Anthony Davis
4.1%
Seth Curry
12.2%
JJ Redick
1.4%
Which playoff series was the only upset? Jazz-Clippers
81.1%
Celtics-Wizards
4.1%
Raptors-Bucks
12.2%
Rockets-Thunder
2.7%
Who won the All-Star Game MVP? Anthony Davis
78.4%
Russell Westbrook
18.9%
Steph Curry
2.7%
LeBron James
0%
Among the following teams, who had the worst record? Denver Nuggets
68.9%
Indiana Pacers
2.7%
Chicago Bulls
23%
Milwaukee Bucks
5.4%
Which of the following players did NOT average at least 25 PPG? Jimmy Butler
64.9%
Karl-Anthony Towns
23%
Damian Lillard
5.4%
DeMar DeRozan
6.8%
How many games did the Golden State Warriors win? 67
58.1%
70
4.1%
65
24.3%
69
13.5%
How many games did Kevin Durant play? 62
58.1%
80
4.1%
75
18.9%
69
18.9%
Which of the following players did NOT score above 50 points in any game this season? Kyrie Irving
43.2%
Klay Thompson
6.8%
John Wall
20.3%
Jimmy Butler
29.7%

You're not logged in!

Compare scores with friends on all Sporcle quizzes.
Sign Up with Email
OR
Log In

You Might Also Like...

Show Comments

Extras

Top Quizzes Today


Score Distribution

Your Account Isn't Verified!

In order to create a playlist on Sporcle, you need to verify the email address you used during registration. Go to your Sporcle Settings to finish the process.

Report this User

Report this user for behavior that violates our Community Guidelines.

Details: